Stranger Things Characters - Statistics

General Stats
  • This quiz has been taken 448 times
  • The average score is 41 of 74
Answer Stats
Characters % Correct
Eleven
99%
Mike Wheeler
99%
Dustin Henderson
98%
Will Byers
98%
Lucas Sinclair
97%
Jim Hopper
96%
Nancy Wheeler
96%
Joyce Byers
94%
Max Mayfield
93%
Jonathan Byers
92%
Steve Harrington
91%
Billy Hargrove
87%
Karen Wheeler
85%
Robin Buckley
85%
Eddie Munson
84%
Erica Sinclair
84%
Henry Creel
83%
Dr. Martin Brenner
79%
Ted Wheeler
78%
Holly Wheeler
74%
Bob Newby
73%
Barbara Holland
71%
Murray Bauman
69%
Chrissy Cunningham
68%
Kali Prasad
68%
Sam Owens
67%
Dr. Alexei
60%
Jason Carver
58%
Argyle
53%
Victor Creel
53%
Tom Holloway
52%
Suzie Bingham
50%
Fred Benson
48%
Lonnie Byers
48%
Claudia Henderson
47%
Dmitri Antonov
47%
Ten
47%
Yuri
46%
Heather Holloway
45%
Two
45%
Angela
44%
Nine
44%
Patrick McKinney
44%
Scott Clarke
44%
Terry Ives
44%
Three
44%
Five
43%
Four
43%
Seven
43%
Six
42%
Vickie
42%
Carol Perkins
40%
Thirteen
40%
Twelve
40%
Eighteen
39%
Fifteen
39%
Fourteen
39%
Seventeen
39%
Sixteen
39%
Officer Powell
38%
Tommy Hagan
38%
Officer Callahan
37%
Benny Hammond
35%
Grigori
33%
Becky Ives
32%
Connie Frazier
31%
Troy
28%
Mayor Larry Kline
27%
Alice Creel
25%
Doris Driscoll
25%
Susan Hargrove
22%
Virginia Creel
19%
Eden Bingham
17%
Florence
16%
No matching quizzes found
Score Distribution
Percent of People with Each Score
Percentile by Number Answered
Your Score History
You have not taken this quiz